북아메리카의 나라들 - Statistics

General Stats
  • This quiz has been taken 17 times
  • The average score is 16 of 23
Answers on the Map
Answers color-coded by a green-red scale on the quiz's map according to % correct below.
 
Answer Stats
나라 % Correct
니카라과
83%
도미니카
83%
도미니카 공화국
83%
멕시코
83%
미국
83%
바하마
83%
아이티
83%
자메이카
83%
캐나다
83%
쿠바
83%
파나마
83%
과테말라
67%
벨리즈
67%
세인트빈센트 그레나딘
67%
엘살바도르
67%
온두라스
67%
코스타리카
67%
그레나다
50%
바베이도스
50%
세인트루시아
50%
세인트키츠 네비스
50%
앤티가 바부다
50%
트리니다드 토바고
50%
No matching quizzes found
Score Distribution
Percent of People with Each Score
Percentile by Number Answered
Your Score History
You have not taken this quiz